[Event "Regionalliga SW 1314"]
[Site "Bayern"]
[Date "2013.11.10"]
[Round "2.4"]
[White "Breitenfeld, Alexander"]
[Black "Joerg, Harald"]
[Result "1-0"]
[WhiteElo "2078"]
[BlackElo "2108"]
[PlyCount "49"]
[EventDate "2013.10.13"]
[EventType "team-tourn"]
[EventRounds "9"]
[EventCountry "GER"]
[SourceTitle "EXT 2015"]
[Source "ChessBase"]
[SourceDate "2014.11.20"]
[SourceVersion "1"]
[SourceVersionDate "2014.11.20"]
[SourceQuality "1"]
[WhiteTeam "Dachau"]
[BlackTeam "Muenchen Siemens"]
[WhiteTeamCountry "GER"]
[BlackTeamCountry "GER"]

1. e4 e5 2. Nf3 Nc6 3. Bc4 Nf6 4. d3 Bc5 5. 0-0 d6 6. c3 a6 7. Bb3 Ba7 8. Nbd2 0-0 9. h3 Be6 10. Re1 Re8 11. Nf1 d5 12. Bg5 dxe4 13. dxe4 Qxd1 14. Raxd1 Bxb3 15. axb3 Nh5 16. Rd7 h6 17. Be3 Rac8 18. Bxa7 Nxa7 19. Ng3 Nxg3 20. fxg3 Nc6 21. Red1 Kf8 22. Nh4 g6 23. Rf1 Nd8 24. Nxg6+ Kg7 25. Ne7 1-0

[Event "Kecskemet Nyar op"]
[Site "Kecskemet"]
[Date "1999.08.09"]
[Round "1"]
[White "Breitenfeld, Alexander"]
[Black "Salanki, Endre"]
[Result "0-1"]
[WhiteElo "2023"]
[BlackElo "2248"]
[PlyCount "50"]
[EventDate "1999.08.09"]
[EventType "swiss"]
[EventRounds "9"]
[EventCountry "HUN"]
[SourceTitle "EXT 2008"]
[Source "ChessBase"]
[SourceDate "2007.11.25"]
[SourceVersion "1"]
[SourceVersionDate "2007.11.25"]
[SourceQuality "1"]

1. e4 c5 2. Nf3 Nc6 3. d4 cxd4 4. Nxd4 Qc7 5. Nc3 e6 6. Be2 a6 7. Bf3 Nf6 8. 0-0 Be7 9. Nde2 d6 10. g4 Ne5 11. Bg2 Nexg4 12. h3 Ne5 13. f4 Nc6 14. Nd4 Nxd4 15. Qxd4 d5 16. Be3 dxe4 17. Nxe4 0-0 18. c4 Rd8 19. Qc3 Bd7 20. Bd4 Nxe4 21. Bxe4 Bc5 22. Rad1 f6 23. Kf2 Qxf4+ 24. Bf3 Qc7 25. Rg1 Ba4 0-1